[Event "EU-ch 6th"]
[Site "Warsaw"]
[Date "2005.06.30"]
[Round "12"]
[White "Gagunashvili, Merab"]
[Black "Jobava, Baadur"]
[Result "0-1"]
[WhiteElo "2547"]
[BlackElo "2637"]
[Annotator "Ribli,Z"]
[PlyCount "48"]
[EventDate "2005.06.18"]
[EventType "swiss"]
[EventRounds "13"]
[EventCountry "POL"]
[SourceTitle "CBM 108"]
[Source "ChessBase"]
[SourceDate "2005.09.26"]
[SourceVersion "1"]
[SourceVersionDate "2005.09.26"]
[SourceQuality "1"]

1. d4 d5 2. c4 e6 3. Nc3 Bb4 4. Nf3 Nf6 5. cxd5 exd5 6. Bg5 O-O {Dieser Zug
wird selten gespielt. Die populäre Alternativen sind 6...h6 7.Bh4 g5, oder 6...
Nbd7 - mit der Idee 7...c5. Der Nachteil des Textzugs ist, dass mit der
Rochade Schwarz die Möglichkeit aktives Spiel im Zentrum zu erlangen verwehrt
bleibt.} (6... h6 7. Bh4 c5 8. e3 O-O $6 9. Bd3 c4 10. Bb1 $1 Nbd7 (10... Bxc3+
11. bxc3 Re8 12. Nd2 Nbd7 13. O-O Nf8 14. h3 Ng6 15. Bg3 Qa5 16. Qc1 {1-0
Kazhgaleyev,M-Inkiov,V/Paris 2004/(47)}) 11. O-O Qa5 12. Qc2 Bxc3 13. Qxc3 (13.
bxc3 $5 Ne4 14. Nd2 Qxc3 15. Nxe4 Qxc2 16. Bxc2 dxe4 17. Bxe4 $14) 13... Qxc3
14. bxc3 Re8 15. Nd2 {1-0 Kasparov,G-Aleksandrov,A/Bled (ol) 2002/(40)}) 7. Qb3
{Dieser Damenzug ist nicht die beste Wahl von Weiß - die Alternative 7.e3!?
scheint natürlicher.} (7. e3 $5 c5 8. Bd3 (8. Be2 h6 9. Bh4 Bf5 10. O-O Bxc3
11. bxc3 c4 12. Ne5 Qd6 13. f3 Nbd7 14. g4 Bh7 15. Bg3 Qa3 16. Qd2 Rfe8 17. h4
Nxe5 18. dxe5 Nd7 19. Qd4 Rad8 20. f4 Nb8 {0-1 Javakhishvili,L-Khurtsidze,N/
Tblisi 2005/CBM 106 ext (35)}) (8. dxc5 Nbd7 9. Rc1 Qa5 10. Nd2 b6 11. a3 Bxc3
12. Rxc3 bxc5 13. Bxf6 Nxf6 14. Be2 Rb8 15. Qc1 Ba6 16. Rxc5 Rfc8 $44 {0-1 Li
Wenliang-Kacheishvili,G/Jinan 2005/CBM 106 ext (34)}) 8... c4 9. Bc2 (9. Bb1 $5
) 9... h6 10. Bh4 Nbd7 11. O-O Qa5 12. Ne2 (12. Rc1 Bxc3 13. bxc3 Qxa2 14. Ne5
Qa3 15. f4 Qd6 16. g4 b5 17. Rb1 a6 18. Qf3 Bb7 19. g5 hxg5 20. Bxg5 Ne4 {
1/2-1/2 Srebrnic,A-Lomineishvili,M/Chisinau 2005/CBM 106 ext (69)}) 12... Re8
13. b3 Ba3 14. bxc4 dxc4 15. Rb1 b5 16. Ne5 a6 17. f4 Nxe5 18. fxe5 Nd5 19. Rf3
Bg4 20. Be1 Bb4 21. Bxb4 Nxb4 22. Rg3 Nd5 23. Qf1 Qd2 {1/2-1/2 Georgiev,
K-Kacheishvili,G/Dubai 2005/CBM 105 ext (49)}) 7... c5 8. dxc5 Nc6 9. e3 (9. a3
$5) 9... Be6 {[%cal Ge6b3]} 10. Nd4 (10. O-O-O Rc8 $132 {[%cal Gc8c1]}) 10...
Bxc5 11. Rd1 {Dieser Turmzug ist ein wenig schablonenhaft, die Alternative 11.
Nxe6!? scheint mir logischer.} (11. Nxe6 $5 fxe6 12. Be2 Bb4 13. O-O Qb6 14.
Bh4 Rac8 15. Rab1 Na5 16. Qa4 Nc4 17. a3 Bd6 18. Bxf6 gxf6 19. Qd7 Bb8 20. Bxc4
Rxc4 21. g3 Be5 22. Ne2 Rc2 23. Nf4 {1-0 Kortchnoi-Dizdar/Berlin open 1985 (44)
}) 11... h6 (11... Nxd4 12. exd4 Bd6 $11) 12. Bh4 Bg4 (12... Nxd4 13. exd4 Bd6
$11) 13. f3 (13. Be2 Bxd4 14. exd4 Bxe2 15. Nxe2 Qa5+ 16. Qc3 Qxc3+ 17. Nxc3
Rfe8+ 18. Kf1 $11) {[#]} 13... Re8 $5 {[%cal Ge8e1][%mdl 512] Schwarz opfert
eine Figur und strebt taktische Chancen an.} 14. Nxc6 bxc6 15. fxg4 (15. Bf2 $2
Bxe3 (15... Bf5 $17) 16. Bxe3 Rxe3+ 17. Kf2 Rb8 $19) 15... g5 (15... Bxe3 16.
Be2 Qe7 17. Qc2 $16) 16. Be2 $2 {Weiß gibt die Figur zurück, wonach er jedoch
ohne Gegenchancen bleibt.} (16. Bf2 Nxg4 {[%cal Gg4f2,Gg4e3]}) (16. Bg3 $142
Nxg4 17. e4 $13 {Der weiße König steht nicht sicher, aber Schwarz bleibt den
Beweis des korrekten Figurenopfers noch schuldig.}) 16... gxh4 $17 {[%csl Re1,
Re3] Bei materiellem Gleichgewicht hat Schwarz ausgezeichnetes Spiel auf den
schwarzfeldrigen Feldern, während der weiße König noch angreifbar in der Mitte
steht.} 17. O-O Rxe3 18. Kh1 Qd6 {[%csl Gc5,Gd6,Ge3] Schwarz hat einen Bauern
mehr und starkes Spiel auf den schwarzen Feldern.} 19. Qa4 Rb8 {[%mdl 2048]}
20. Rf5 (20. Rd2 h3 21. g3 Rbe8 $17) 20... Rxb2 $19 {Mittlerweile hat Weiß
schon zwei Bauern weniger und keine Gegenchancen.} 21. g5 Ne4 22. Nxd5 (22.
Nxe4 Rexe2 $5 (22... Rxe4 23. Qxe4 dxe4 24. Rxd6 Bxd6 $19) 23. Nxd6 h3 $19 (
23... Rxg2 $4 24. Qf4 $18)) 22... Rexe2 23. Nf6+ Nxf6 24. gxf6 Rxg2 0-1

[Event "EU-ch 6th"]
[Site "Warsaw"]
[Date "2005.06.28"]
[Round "10"]
[White "Nyback, Tomi"]
[Black "Filippov, Valerij"]
[Result "1-0"]
[WhiteElo "2551"]
[BlackElo "2621"]
[Annotator "Ribli,Z"]
[PlyCount "63"]
[EventDate "2005.06.18"]
[EventType "swiss"]
[EventRounds "13"]
[EventCountry "POL"]
[SourceTitle "CBM 108"]
[Source "ChessBase"]
[SourceDate "2005.09.26"]
[SourceVersion "1"]
[SourceVersionDate "2005.09.26"]
[SourceQuality "1"]

1. d4 d5 2. c4 e6 3. Nf3 Nf6 4. Nc3 Bb4 5. cxd5 exd5 6. Bg5 Nbd7 7. Qc2 {
Eine relativ neue Fortsetzung - die traditionelle Alternative ist 7.e3. Die
Hauptidee des Textzugs ist, dass Weiß (noch) nicht e2-e3 spielt, da der Läufer
auf g5 im Falle von c7-c5 nach d2 zurückziehen kann.} c5 (7... h6 8. Bh4 c5 9.
e3 Qa5 10. Bd3 O-O 11. O-O c4 12. Bf5 Re8 13. Nd2 $14) 8. dxc5 h6 (8... Nxc5 9.
a3 Bxc3+ 10. Qxc3 Nce4 11. Bxf6 Qxf6 12. Qxf6 Nxf6 13. Rc1 Bd7 14. Nd4 $14 {
1-0 Komarov,D-Tatai,S/Reggio9697 Reggio Emilia 1997 (37)}) (8... Qa5 9. Bd2 $5)
9. Bd2 O-O 10. e3 Bxc5 11. Bd3 (11. Be2 a6 12. Rd1 b5 13. Bc1 Bb7 14. Qf5 Re8
15. O-O Bd6 16. Qh3 b4 17. Nb1 Bc8 {0-1 Zaja,I-Aleksandrov,A/Warsaw 2005/CBM
108 (26)}) 11... b6 {Dieser Zug scheint mir besser, als 11...a6; Schwarz
beabsichtigt, seinen Läufer auf b7 zu positionieren.} (11... a6 12. O-O Bd6 (
12... Ba7 13. Ne2 Re8 14. Bc3 $14) 13. Bf5 $1 (13. Rfd1 Nc5 14. Bf5 Be6 15. Be1
Rc8 16. Nd4 Qd7 {0-1 Mikhalchishin,A-Aronian,L/Calvia (ol) 2004/(65)}) 13...
Nc5 14. Bxc8 Rxc8 15. Rfd1 Nce4 16. Qb3 $14) 12. O-O Bb7 13. Rfd1 Re8 (13...
Rc8 14. Qa4 a6 15. Qf4 Re8 16. Bf5 Qe7 17. Nd4 $13 Qf8 18. Nce2 g6 19. Bxd7
Nxd7 20. Bc3 Bd6 21. Qh4 Nc5 22. Ng3 Ne4 23. Nxe4 Rxe4 24. Qf6 {1/2-1/2
Akopian,V-Aleksandrov,A/Bled (ol) 2002/(50)}) 14. Rac1 $14 {Weiß verfügt über
eine gesunde Bauernstruktur, während Schwarz einen Isolani auf d5 hat.} Ne5 15.
Nxe5 (15. Be2 Nxf3+ 16. Bxf3 Ne4 $11) 15... Rxe5 16. Ne2 {[%cal Gd2c3,Ge2d4]}
d4 $5 {[%mdl 4] Dieser Zug führt zu kompliziertem Spiel, aber Schwarz muss so
spielen, sonst würde Weiß mit 17.Bc3 dauerhaften Positionsvorteil erreichen.}
17. b4 (17. Nxd4 Bxd4 18. exd4 Qd5 19. Bf1 Re4 20. f3 (20. Bc3 Rg4 21. f3 Qxf3
$11) 20... Rxd4 (20... Qxd4+ 21. Kh1 $14) 21. Be3 Rxd1 22. Rxd1 Qxa2 23. Bc4
Qa5 (23... Rc8 $2 24. Rd8+ $18) 24. Bxf7+ Kxf7 25. Qc7+ Kg8 26. Qxb7 Re8 $11)
17... Ng4 $6 (17... dxe3 $142 18. Bxe3 {[%cal Rd3h7,Rh7g8,Rd1d8]} (18. bxc5
exd2 19. Rxd2 Rxc5 $5 20. Bh7+ Nxh7 21. Rxd8+ Rxd8 22. Qb2 Rxc1+ 23. Qxc1 Ng5
$15 {Schwarz hat Turm und Läufer gegen Dame und Springer, jedoch steht Schwarz
aktiver.}) 18... Bd6 $11 (18... Bxe3 19. Bh7+ Nxh7 20. Rxd8+ Rxd8 21. fxe3 Rxe3
(21... Re7) 22. Qc7 Rd2 $132)) 18. f3 Nxh2 {[%mdl 64]} (18... Nf2 19. bxc5 Nxd1
(19... Rxc5 20. Kxf2 (20. Qb1 $18) 20... Rxc2 21. Rxc2 $18) 20. Rxd1 Rxc5 21.
Qb2 $18) 19. e4 {[%csl Rc5,Rh2] Weiß möchte den Königsflügel geschlossen
halten. Jetzt "hängt" gleichzeitig Bc5 und Nh2.} (19. exd4 $2 Bxd4+ (19... Rxe2
20. Bxe2 Bxd4+ 21. Kh1 Nxf3 $19 {[%cal Rd8h4,Rh4h1]}) 20. Nxd4 Qxd4+ 21. Kxh2
Rh5+ 22. Kg3 Qh4#) (19. Kxh2 Bxf3 20. bxc5 (20. gxf3 $2 Qh4+ 21. Kg2 Rg5+ $19)
20... Qg5 21. Nf4 (21. gxf3 $2 Qh4+ $19) 21... dxe3 22. Bxe3 Rxe3 (22... Bxd1
23. Qf2) 23. gxf3 Qxf4+ 24. Kh1 Rae8 $132) 19... Bxe4 $2 (19... Bd6 $1 20. Bf4
(20. f4 Ng4 (20... Rh5) 21. fxe5 Qh4 $11) 20... Nxf3+ 21. gxf3 Qh4 22. Bxe5
Bxe5 23. f4 Qg4+ $132) 20. bxc5 $16 (20. Bxe4 $4 d3+ $19) (20. fxe4 $18) 20...
Bxf3 21. Bf4 {[%cal Rf4e5,Rf4h2]} (21. gxf3 Nxf3+) 21... Rg5 22. Ng3 $2 (22.
Bxg5 Qxg5 23. Nxd4 Bxd1 24. Qxd1 $16) 22... Rxc5 $132 23. Qd2 Bxd1 24. Rxd1 Ng4
$13 {Schwarz hat Turm und 4 Bauern gegen zwei Leichtfiguren.} 25. Be4 Rac8 26.
Bf5 {[%cal Rf5c8,Rf5g4]} Qh4 $6 (26... g5 $13) 27. Bxc8 Qh2+ (27... Rxc8 28.
Nf5) 28. Kf1 Rxc8 29. Qxd4 g6 $2 (29... h5) 30. Qd7 $18 {[%cal Rd7c8,Rd7g4]}
Rc2 31. Qe8+ Kg7 32. Nf5+ {[%cal Rf5g7,Rf4h2]} 1-0

[Event "Beersheba-Peterburg Kings m"]
[Site "St Petersburg"]
[Date "1999.06.10"]
[Round "6"]
[White "Aseev, Konstantin N"]
[Black "Greenfeld, Alon"]
[Result "0-1"]
[WhiteElo "2519"]
[BlackElo "2521"]
[Annotator "Ribli,Z"]
[PlyCount "72"]
[EventDate "1999.06.??"]
[EventType "schev"]
[EventRounds "10"]
[EventCountry "RUS"]
[SourceTitle "CBM 072"]
[Source "ChessBase"]
[SourceDate "1999.10.01"]
[SourceVersion "1"]
[SourceVersionDate "1999.10.01"]
[SourceQuality "1"]

{[%mdl 72]} 1. d4 Nf6 2. c4 e6 3. Nf3 d5 4. Nc3 Bb4 {Die sogenannte
Ragosin-Variante des Damengambits ist eigentlich ein Mischung aus Damengambit
und Nimzoindischer Verteidigung. Gewöhnlich strebt Schwarz die Kontrolle des
Feldes e4 an. Ribli.} 5. Bg5 h6 (5... dxc4 6. e4 {Auf diese Weise haben wir
die Wiener Variante des Damengambits, die zu scharfem taktischen Spiel führt.})
6. Bxf6 Qxf6 7. Qa4+ {Meines Erachtens gibt der Zug 7.Rc1 mehr Hoffnung auf
Eröffnungsvorteil. Die Idee der Partiefortsetzung ist, die natürliche schwarze
Entwicklung zu stören. In vielen Varianten des Damengambits steht der Springer
etwas unglücklich auf c6.} Nc6 8. a3 {Das ist Aseevs Lieblingsvariante, aber
sie gefällt mir nicht, denn Weiss verliert viel Zeit.} (8. Ne5 O-O 9. Nxc6
Bxc3+ 10. bxc3 Bd7 11. cxd5 exd5 12. e3 Bxc6 13. Bb5 Bxb5 14. Qxb5 Qd6 {
1/2-1/2 Naumann,A-San Segundo,P/Cappelle la Grande 1998/CBM 63 ext (14)}) (8.
e3 O-O 9. Rc1 Rd8 10. cxd5 exd5 11. Bb5 a5 12. a3 Bf8 13. Bxc6 bxc6 14. O-O Bd6
15. e4 Bf4 16. Rce1 Bg4 17. Ne5 {1/2-1/2 Shariyazdanov,A-Ibragimov,I/Moscow
1998/CBM 63 (43)}) (8. cxd5 exd5 9. e3) 8... Bxc3+ 9. bxc3 O-O (9... Bd7 10.
cxd5 exd5 11. e3 O-O 12. Be2 Qd6 13. O-O b6 14. Qd1 Na5 15. Ne5 Be6 16. Bd3 {
1/2-1/2 Aseev,K-Sosonko,G/St.Petersburg 1997/CBM 59 (31)}) 10. e3 Qg6 $5 $146 {
Schwarz kontrolliert den Punkt g2 und es ist für Weiss nicht leicht, seinen
Läufer zu entwickeln.} (10... dxc4 11. Bxc4 a6 12. O-O Bd7 13. Ba2 Rfd8 14. Nd2
e5 15. Qb3 Be6 16. Qc2 Bxa2 17. Ne4 Qe7 18. Rxa2 b6 19. Rd1 Na5 20. a4 {
1/2-1/2 Georgiev,K-Inkiov,V/Sofia 1984/MCL (20)}) 11. cxd5 (11. g3 Qe4 12. Be2
(12. Bg2 Qd3 {[%cal Rd3c4,Rd3c3]} 13. Rc1 Qxc4 14. Qxc4 dxc4 $17) 12... Bd7 $11
) 11... exd5 $11 {Schwarz hat eine bequeme Stellung ohne Entwicklungsprobleme.
Weiss hat potentiell gute Chancen im Zentrum, das er mit c3-c4 sprengen kann,
aber seine Figuren koordinieren schlecht.} 12. Qd1 Re8 13. Rb1 $6 {[%cal Gb1b5,
Gb5d5] Die Besetzung der halboffenen Linie ist logisch, kostet aber Zeit,
während der Königsflügel noch auf Entwicklung wartet.} (13. g3 b6 14. Bg2 (14.
Bd3 Qf6 $15) 14... Ba6 15. Bf1 $11) 13... Re7 {Eine prophylaktischer Zug.
Schwarz vermeidet die Fesselung nach eventuellem Bb5.} (13... b6 $5 $15) 14.
Rb5 $6 Qd6 $15 {[%cal Rd6a3]} 15. Qb3 Rb8 $1 {Schwarz hat keine Eile. Er
verbessert seine Turmstellung und der Bauer d5 hängt nicht.} (15... Be6 $2 16.
Rxb7 Na5 17. Rb8+ Kh7 18. Qc2+ $18) (15... a6 16. Rxd5 Be6 17. Qxb7 $16) 16.
Be2 (16. Qxd5 Qxa3 17. Kd2 a6 $17) (16. Rxd5 Be6 {[%csl Rb3,Rd5][%cal Re6b3]}
17. Bc4 Bxd5 18. Bxd5 b6 $17) 16... a6 17. Rxd5 Be6 {[%csl Rb3,Rd5][%cal Re6b3]
} 18. c4 {Weiss verliert Material. Er hat nur einen Bauern für die Qualität.} (
18. Rxd6 Bxb3 19. Rxc6 bxc6 $17) 18... Bxd5 19. cxd5 Na7 20. O-O c6 {Logisch,
daß Schwarz die starken Zentrumsbauern tauscht.} 21. dxc6 (21. Nh4 {[%cal
Rh4f5,Rf5e7,Rf5d6]} Qxd5 $17) (21. Bc4 b5 $17) 21... Nxc6 22. Bd3 (22. d5 Ne5 (
22... Na5 $6 23. Qb4 Qd8 24. Rd1 $44) 23. Nd4 $15) 22... b5 $1 {[%csl Yc4]
[%cal Gc6a5,Ga5c4] Schwarz bereitet das Springermanöver ...Na5-c4 vor.} 23. Nd2
(23. Nh4 Rc7 24. Nf5 Qd7 $15) 23... Na5 {[%csl Rb3][%cal Ga5c4,Ra5b3]} 24. Qc3
Qc7 25. Qa1 (25. Qxc7 Rxc7 $17) 25... Nc4 {Schwarz opfert einen Bauern, öffnet
aber die b-Linie für seine Türme.} (25... Rc8 26. Bf5 $15) 26. Rc1 {[%cal
Gc1c7]} Qa5 (26... Nxd2 $2 27. Rxc7 Rxc7 28. f3 $14 (28. d5 $2 Rbc8 $19 {
[%cal Rc8c1,Rc1g1,Rc1a1]})) 27. Nxc4 (27. Bxc4 Qxd2 $15) 27... bxc4 28. Bxc4 $6
(28. Rxc4 $5 Reb7 29. Qc1 $13) 28... Reb7 {[%cal Gb8b1]} 29. Rf1 Rb2 {[%csl
Ra1,Gb2][%cal Gb8b1] Die weisse Dame steht passiv auf a1, während Schwarz hat
die Herrschafft über die b-Linie hat.} 30. a4 $6 (30. h3 $5) 30... R2b4 {
[%csl Ra4,Rc4][%cal Rb4c4,Rb4a4]} 31. Qa2 {[%csl Rf7][%cal Ra2g8]} R8b7 32. Bd3
(32. Rc1 Rxa4 $17) 32... Rxa4 $17 {Schwarz hat den a-Bauern gewonnen und sein
a-Freibauer ist eine potentielle Gefahr.} 33. Qc2 {[%cal Rc2c8,Rc8g8]} Rc7 34.
Qd1 g6 {Schwarz verbessert seine Königsstellung, und vermeidet eventuelle
Motive auf der Grundreihe.} 35. h4 h5 36. Qf3 Kg7 {[%csl Ga6] Weiss gab auf
oder überschritt vielleicht die Zeit? Die schwarze Stellung ist viel besser,
aber Weiss ist nicht in unmittelbarer Verlustgefahr.} 0-1

[Event "Abu Dhabi op 13th"]
[Site "Abu Dhabi"]
[Date "2003.08.20"]
[Round "5"]
[White "Ahmed, Esam Aly"]
[Black "Bagirov, Rufat"]
[Result "1-0"]
[WhiteElo "2403"]
[BlackElo "2507"]
[Annotator "Ribli,Z"]
[PlyCount "109"]
[EventDate "2003.08.16"]
[EventType "swiss"]
[EventRounds "9"]
[EventCountry "UAE"]
[SourceTitle "CBM 097"]
[Source "ChessBase"]
[SourceDate "2003.11.11"]
[SourceVersion "1"]
[SourceVersionDate "2003.11.11"]
[SourceQuality "1"]

1. d4 d5 2. Nf3 Nf6 3. c4 e6 4. Nc3 Bb4 5. Bg5 Nbd7 6. e3 c5 7. cxd5 exd5 8.
Bd3 Qa5 9. O-O c4 10. Bf5 Bxc3 {Das ist ein Hauptmotiv in der Ragosin-Variante,
dass Schwarz seinen Läufer gegen den Springer tauscht, um im folgenden auf den
weißen Feldern zu spielen.} 11. bxc3 O-O {Die Annahme des Bauern wäre ganz
schlecht für Schwarz.} (11... Qxc3 $2 12. Bxf6 Nxf6 (12... gxf6 13. Qa4 Ke7 14.
Qb5 Nb6 (14... Rb8 15. a4 Rd8 16. Qxd5 Nb6 17. Qc5+ $18) 15. Qc5+ Ke8 16. Rac1
Qb2 17. Rc2 $18) 13. Qa4+ Bd7 14. Bxd7+ Nxd7 15. Ne5 $16) 12. Qc2 Re8 13. Nd2
g6 14. Bxd7 {Die andere Möglichkeit für Weiß ist 14.Bh3.} Nxd7 15. h4 $5 {
[%cal Ga5g5] Weiß verteidigt vorher den Bg5, weil er die Zentrumstellung mit
e3-e4 plant.} Nb6 16. f3 Bd7 (16... Qa4 17. Qc1 (17. Qb1 Qa3 18. Rc1 Bd7 19. e4
Rac8 20. Nf1 dxe4 21. fxe4 f5 22. e5 Nd5 23. Qc2 f4 24. Qf2 b5 25. h5 {1-0
Pinter,J-Greenfeld,A/Beersheba 1991/CBM 25 (51)}) 17... Bf5 18. Re1 Qc6 $6 (
18... Bd3 $5 $10 {Bykhovsky,Av}) 19. Nf1 $1 Na4 20. Ng3 Bd3 (20... Bd7 21. e4
$14) 21. Qa3 b5 22. Nh1 a5 23. Nf2 Rab8 24. Ng4 {1-0 Ristic,N-Maksimovic,B/Nis
1996/EXT 99 (42)}) (16... Na4 17. Rac1 Bd7 18. e4 f5 19. Rfe1 Rac8 20. Nf1 dxe4
21. fxe4 fxe4 22. Rxe4 Bf5 23. Rxe8+ Rxe8 24. Qd2 Qb5 25. Ne3 $16 {Dautov,
R-Tischbierek,R/Bad Mergentheim/1991/}) 17. e4 Qa3 $5 {[%mdl 4] Schwarz
blockiert den a2-Bauern, weil Weiß sonst in einigen Varianten a2-a4 spielen
kann.} (17... Ba4 18. Qb2 Bc6 19. Qc2 Na4 (19... Ba4 $5) 20. Rac1 b5 21. exd5
Bxd5 22. Ne4 Bxe4 23. fxe4 Qc7 24. Rf3 {1-0 Moiseev,M-Chebotarev,O/St
Petersburg 1998/EXT 2000 (52)}) (17... f5 18. Rfe1 $6 (18. e5 $14) 18... Qa4
19. Qc1 dxe4 $1 20. fxe4 Qc6 21. e5 Nd5 $10 {Dautov,R-Winants,L/Belgique/1992/}
) 18. exd5 $6 {Dieser Zug gefällt mir nicht, weil Weiß ohne Grund die Spannung
im Zentrum auflöst.} (18. h5 $5) (18. Bf6 $5 Bc6 19. e5 Nd7 20. Bg5 $14) 18...
f5 $1 {Schwarz beschäftigt sich noch nicht mit der Zurückname des d5-Bauern,
er verhindert die Möglichkeit Nd2-Ne4.} (18... Bf5 19. Ne4 Nxd5 20. g4 Bxe4 (
20... Bd7 $13) 21. fxe4 Qxc3 22. Qf2 Rxe4 23. Qxf7+ Kh8 24. Bf6+ Nxf6 25. Qxf6+
Kg8 26. Qf7+ $11) 19. Rab1 {[%cal Gb1b7] Auf diese Weise verhindert Weiß die
Möglichkeit 19...Nxd5.} Rac8 (19... Nxd5 $2 20. Nxc4 Qxc3 21. Qxc3 Nxc3 22.
Rxb7 $16) 20. Rb4 (20. Ne4 $5 fxe4 21. fxe4 $44 {Weiß hat nur zwei Bauern für
die Figur, aber seine Zentrumstellung ist stark.}) 20... Nxd5 21. Rxb7 (21.
Rxc4 Bc6 $5 (21... Nxc3 22. Qb3 Qxb3 23. axb3 $11) 22. Qb3 Qd6 $44) 21... Bc6 {
Zuerst verjagt Schwarz den gegnerischen Turm von b7.} 22. Rb2 Ba4 $44 {[%csl
Ga3,Ga4,Gd5][%cal Ge8e1] Schwarz hat aktives Figurenspiel und damit
ausreichende Kompensation für den Bauern.} (22... Nxc3 23. Nxc4 Qa6 24. Ne5 $16
(24. Qxc3 Bd5 25. Re1 $36)) (22... Qxc3 23. Qxc3 Nxc3 24. Nxc4 $16) 23. Nb1
Bxc2 24. Nxa3 Bd3 {[%csl Gc4,Gd3]} 25. Rc1 Rb8 $1 26. Rb5 (26. Rxb8 Rxb8 $15 {
[%csl Ra3]}) 26... Rxb5 27. Nxb5 a6 (27... Kg7 $5 $44 {[%cal Gh7h6,Gh6g5]}) 28.
Nd6 Re2 {[%csl Gd3,Gd5,Ge2][%mdl 2048] Der weiße Mehrbauer ist blockiert,
wodurch das schwarze Figurenspiel noch stärker ist.} 29. Nb7 Kg7 $1 {Schwarz
bereitet den Zug 30...h6 vor, wonach der g5B weichen muss, aber es gibt keinen
aktiven Platz für ihn.} (29... Rxa2 30. Nc5 Bc2 31. Re1 $13) 30. Nc5 h6 31. Bd8
Nf4 {[%csl Rg1,Rg2] Plötzlich ist die weiße Königsstellung das Ziel des
schwarzen Spiels.} (31... Rxa2 $17) 32. Bc7 {[%cal Gc7e5,Ge5g7]} Nxg2 (32...
Rxg2+ $2 33. Kh1 Ne2 34. Rf1 Rg3 35. Kh2 $18) 33. d5 $132 {[%cal Gd5d6] Die
weiße Gegenchance ist der früher blockierte, aber jetzt freigewordene
gefährliche d-Bauer.} Nxh4 34. Ne6+ (34. d6 $2 Nxf3+ 35. Kh1 (35. Kf1 Rd2+ 36.
Nxd3 Rxd3 $19) 35... Rh2#) 34... Kf7 35. Nd4 Re7 (35... Rg2+ $6 {Dieser Zug
ist sehr riskant, weil der weiße d-Bauer zu stark wird.} 36. Kh1 Rd2 (36...
Rxa2 37. d6 Nxf3 38. d7 $1 (38. Nxf3 Be4 39. Rf1 Ke6 40. Kg1 Bxf3 41. Rxf3 Rc2
42. Rh3 (42. Re3+ Kd7 43. Re7+ Kc6 $17) 42... h5 43. Rg3 Rc1+ 44. Kf2 Kd7 45.
Rxg6 Rxc3 $11) 38... Be4 39. Nxf3 Bxf3+ 40. Kg1 Rg2+ 41. Kf1 Rd2 42. d8=Q Rxd8
43. Bxd8 g5 44. Rb1 $18) 37. d6 Nxf3 38. Nxf3 (38. d7 $2 Be4 $19) 38... Be4 39.
Rf1 Ke6 40. Kg1 Bxf3 41. Rxf3 Rxa2 42. Rh3 $14) 36. d6 $6 (36. Bd8 $5 {[%cal
Rd8h4]} Nxf3+ 37. Nxf3 Re2 $16) 36... Rd7 37. Kf2 g5 38. Re1 f4 $2 {Schwarz
möchte 39...Nf5 ziehen, aber der Textzug ist schlecht, weil Weiß viel
schneller ist.} (38... g4 $1 $132) 39. Nc6 $16 {[%csl Gc6,Gc7,Gd6][%cal Ge1e8]}
Ng6 40. Nb8 {[%csl Rd7] Weiß gewinnt die Qualität.} Bf5 41. Nxd7 (41. Nxa6 Kf8
42. Nc5 Rh7 43. a4 $16) 41... Bxd7 42. Bd8 Be6 43. Rh1 Nh4 (43... Kg7 44. Bb6
$16 {[%cal Gb6d4,Gd4g7]}) 44. Rb1 Nf5 (44... Ke8 45. Be7 (45. Rb8 Kd7 $14)
45... Nf5 46. Rb8+ Kd7 47. Rb7+ Ke8 48. Ra7 $16) 45. Rb7+ Ke8 46. Bf6 {Die
schwarze Figuren sind sehr stark begrenzt in der Bewegung.} Bd7 47. Ra7 Nxd6
48. Rxa6 Nf5 49. a4 {[%csl Ga4]} Kf7 50. a5 $18 {Der weiße Freibauer
entscheidet die Partie.} Ne3 51. Rd6 Bc8 52. Bd4 (52. a6 $18) 52... Nf5 53. Rc6
Be6 54. a6 Nxd4 55. cxd4 (55. cxd4 Bd5 56. Rc5 Ke6 (56... Ba8 57. Rc8 $18 (57.
Rxc4 $18)) 57. Rxd5 $18) 1-0